Lies lies lies by Morgan Wallen lyrics - Statistics

General Stats
  • This quiz has been taken 4 times
  • The average score is 192 of 298
Answer Stats
Answer % Correct
a
100%
i
100%
I
100%
im
100%
in
100%
lies
100%
my
100%
no
100%
the
100%
when
100%
with
100%
you
100%
about
67%
and
67%
as
67%
baby
67%
come
67%
comes
67%
do
67%
dont
67%
down
67%
eyes
67%
fool
67%
for
67%
him
67%
into
67%
is
67%
just
67%
like
67%
look
67%
me
67%
mornin
67%
nothin
67%
of
67%
old
67%
same
67%
so
67%
still
67%
sun
67%
to
67%
wouldnt
67%
yeah
67%
your
67%
youre
67%
act
33%
again
33%
aint
33%
another
33%
back
33%
bad
33%
bed
33%
beside
33%
bet
33%
body
33%
bottle
33%
bourbon
33%
break
33%
but
33%
call
33%
can
33%
cause
33%
damn
33%
dive
33%
downhill
33%
ever
33%
get
33%
girl
33%
give
33%
habits
33%
hard
33%
hate
33%
head
33%
hell
33%
honest
33%
ill
33%
it
33%
keep
33%
lyin
33%
miss
33%
missin
33%
morning
33%
myself
33%
never
33%
ninety
33%
on
33%
phonecall
33%
proof
33%
reach
33%
runnin
33%
sayin
33%
snowballs
33%
somethin
33%
soundin
33%
tell
33%
tellin
33%
that
33%
thats
33%
think
33%
thoughts
33%
through
33%
tonight
33%
touch
33%
truth
33%
try
33%
up
33%
was
33%
why
33%
wont
33%
are
0%
heartbrakes
0%
heartbreaks
0%
nothing
0%
studpid
0%
No matching quizzes found
Score Distribution
Percent of People with Each Score
Percentile by Number Answered
Your Score History
You have not taken this quiz